02119 2200853 4500001002100000005001500021035002000036245010100056100001200157250000600169300003500175700001700210260003000227082000800257084001400265020002200279650001200301990001700313990001700330990001700347990001700364990001700381990001700398990001700415990001700432990001700449990001700466990001700483990001700500990001700517990001700534990001700551990001700568990001700585990001700602990001700619990001700636990001700653990001700670990001700687990001700704990001700721990001700738990001700755990001700772990001700789990001700806990001700823990001700840990001700857990001700874990001700891990001700908990001700925990001700942990001700959990001700976990001700993990001701010990001701027990001701044990001701061990001701078990001701095990001701112990001701129990001701146990001701163990001701180990001701197990001701214990001701231990001701248INLIS00000000000048720181127101526 a0010-11180000301 aBelajar dan Berlatih Atletik :bMeraih Prestasi Melalui Atletik /cSukirno; Editor, Epik Finilih0 aSukirno a- aiv, 84 hlm. :bilus. ;c21 cm.0 aEpik Finilih aDepok :bArya Duta,c2011 a796 a796 SUK b a978-979-750-397-0 aAtletik a01697/P/2018 a01698/P/2018 a01699/P/2018 a01700/P/2018 a01701/P/2018 a01702/P/2018 a01703/P/2018 a01697/P/2018 a01698/P/2018 a01699/P/2018 a01700/P/2018 a01701/P/2018 a01702/P/2018 a01703/P/2018 a01698/P/2018 a01697/P/2018 a01699/P/2018 a01700/P/2018 a01701/P/2018 a01702/P/2018 a01703/P/2018 a01699/P/2018 a01697/P/2018 a01698/P/2018 a01700/P/2018 a01701/P/2018 a01702/P/2018 a01703/P/2018 a01700/P/2018 a01697/P/2018 a01698/P/2018 a01699/P/2018 a01701/P/2018 a01702/P/2018 a01703/P/2018 a01701/P/2018 a01697/P/2018 a01698/P/2018 a01699/P/2018 a01700/P/2018 a01702/P/2018 a01703/P/2018 a01702/P/2018 a01697/P/2018 a01698/P/2018 a01699/P/2018 a01700/P/2018 a01701/P/2018 a01703/P/2018 a01703/P/2018 a01697/P/2018 a01698/P/2018 a01699/P/2018 a01700/P/2018 a01701/P/2018 a01702/P/2018